00614nam a2200205Ia 450000500170000000800410001702000150005808200230007310000130009624500770010926000400018630000150022665000100024165000150025165000120026665000100027894200060028895200990029499900150039320250325045350.0240331s9999 xx 000 0 und d a0415902886 a302.234bLEW21097 aLewis, J 4aThe Ideological Octopus:bAn Exploration of Television and it's Audience aLondon;aNew York,bRoutledgec1991 ax, 218 p., aMedia aTelevision aCulture aWomen cL 001040708LaWERCLbWERCLcSSCd2024-03-31l0o 302.234 LEWp1097r2024-03-31w2024-03-31yL c1152d1152